Mumbai Quiz - Statistics

General Stats
  • This quiz has been taken 214 times
  • The average score is 7 of 10
Answer Stats
Hint Answer % Correct
What is the Mumbai Airport Code? BOM
99%
What is Mumbai's Old Name? Bombay
97%
Mumbai is home to what film industry? Bollywood
93%
Is Mumbai the richest city in India? Yes
92%
How many IPLs the team win? 5
84%
What is Mumbai's IPL Team? Mumbai Indians
52%
What is Mumbai's famous Slum? Dharavi
49%
What is the percentage of Mumbai's Population the lives in Slums. 60
46%
What Is the name of the island is Mumbai located in? Salsette
30%
Who are the famous tiffin delivery people in Mumbai ? Dabbawalas
17%
No matching quizzes found
Score Distribution
Percent of People with Each Score
Percentile by Number Answered
Your Score History
You have not taken this quiz